Music Quiz

Random Music or Missing Word Quiz

Missing Word: Original Score Quiz Stats

 Plays Quiz not verified by Sporcle

Score 0/20 Timer 04:00
0 Plays Today
Hint Original Score % Correct
The _________ of OzWizard
100%
La La _______Land
96.9%
The Lion ______King
95.6%
Brokeback ______________Mountain
95.6%
West ______ StorySide
95%
Chariots of ______Fire
93.8%
Life of ____Pi
93.1%
The Way ____ WereWe
91.9%
_______ NoonHigh
87.5%
_____ of AfricaOut
86.9%
Hint Original Score % Correct
Let It ___Be
86.3%
Hello, _______!Dolly
86.3%
The Full ________Monty
82.5%
The ____________ EightHateful
78.1%
_____ StingThe
74.4%
Star ______Wars
73.8%
Bound _____ GloryFor
73.8%
_____ Pan AlleyTin
61.3%
Tom _______Jones
54.4%
This Is The ______Army
12.5%

You're not logged in!

Compare scores with friends on all Sporcle quizzes.
OR
Log In

Sporcle TV

Today on Sporcle TV


Watch our educational content, quiz creation guides, and fun videos on Sporcle TV.

Show Comments

Extras

Top Quizzes Today


Score Distribution

Your Account Isn't Verified!

In order to create a playlist on Sporcle, you need to verify the email address you used during registration. Go to your Sporcle Settings to finish the process.

Report this User

Report this user for behavior that violates our Community Guidelines.

Details: